[Event "Ljubljana-chT 69th 2nd League"]
[Site "Ljubljana"]
[Date "2016.01.28"]
[Round "3.1"]
[White "Merlini, Dusan"]
[Black "Mihelic, Bojan"]
[Result "1-0"]
[WhiteElo "1747"]
[BlackElo "1732"]
[PlyCount "88"]
[EventDate "2016.01.14"]
[EventType "team-tourn"]
[EventRounds "10"]
[EventCountry "SLO"]
[SourceTitle "EXT 2022"]
[Source "ChessBase"]
[SourceDate "2021.10.06"]
[SourceVersion "1"]
[SourceVersionDate "2021.10.06"]
[SourceQuality "1"]
[WhiteTeam "Vrhnika II"]
[BlackTeam "Dom In Agencija Neprem"]
[WhiteTeamCountry "SLO"]
[BlackTeamCountry "SLO"]

1. d4 Nf6 2. Bf4 e6 3. e3 d5 4. Nd2 Nbd7 5. Bd3 c5 6. c3 a6 7. h3 b5 8. Ngf3 Bb7 9. 0-0 c4 10. Bc2 h6 11. Ne5 Be7 12. Re1 Ne4 13. f3 Nxd2 14. Qxd2 Nxe5 15. Bxe5 0-0 16. Re2 Bd6 17. f4 Bc8 18. Bxd6 Qxd6 19. e4 dxe4 20. Bxe4 Ra7 21. Rf1 f5 22. Bf3 Bb7 23. Re5 Bxf3 24. Rxf3 Rd7 25. Rfe3 Rf6 26. Qe2 Re7 27. d5 Kf7 28. Qh5+ Kf8 29. g4 fxg4 30. Qxg4 Ref7 31. dxe6 Re7 32. f5 Qd2 33. Qe4 Qc1+ 34. Re1 Qg5+ 35. Kh2 Kg8 36. Re2 Rf8 37. Rg2 Qf6 38. Rg6 Qxg6 39. fxg6 Rf6 40. h4 h5 41. Kg3 Rf1 42. Rxh5 Rf8 43. Qe5 Rfe8 44. Rh8+ Kxh8 1-0

[Event "Ljubljana-chT 69th 2nd League"]
[Site "Ljubljana"]
[Date "2016.01.21"]
[Round "2.1"]
[White "Menart, Stane"]
[Black "Merlini, Dusan"]
[Result "0-1"]
[WhiteElo "1567"]
[BlackElo "1747"]
[PlyCount "84"]
[EventDate "2016.01.14"]
[EventType "team-tourn"]
[EventRounds "10"]
[EventCountry "SLO"]
[SourceTitle "EXT 2022"]
[Source "ChessBase"]
[SourceDate "2021.10.06"]
[SourceVersion "1"]
[SourceVersionDate "2021.10.06"]
[SourceQuality "1"]
[WhiteTeam "Ljubljana Energetica Te Tol"]
[BlackTeam "Vrhnika II"]
[WhiteTeamCountry "SLO"]
[BlackTeamCountry "SLO"]

1. e4 e6 2. d4 d5 3. exd5 exd5 4. Nf3 Bd6 5. Bd3 Ne7 6. 0-0 0-0 7. Bg5 f6 8. Bh4 Bf5 9. Nc3 c6 10. Bg3 Qc7 11. Ne2 Nd7 12. Bxd6 Qxd6 13. Ng3 Bg6 14. Re1 Rfe8 15. Nh4 Bxd3 16. Qxd3 Nf8 17. Re3 Nfg6 18. Nf3 Nf4 19. Qb3 b6 20. Rae1 Qd7 21. Qa4 a5 22. Kf1 Neg6 23. Qb3 Rxe3 24. Rxe3 b5 25. a4 b4 26. h3 Re8 27. Ne4 Ne6 28. Ng3 Nef4 29. Ne4 Ne6 30. Ng3 Nef4 31. Rxe8+ Qxe8 32. c3 Qb8 33. Nf5 Qb6 34. c4 Qa6 35. Ne3 Ne7 36. Kg1 Kf8 37. g3 Nxh3+ 38. Kg2 Ng5 39. cxd5 Nxf3 40. Kxf3 cxd5 41. Nxd5 Qc6 42. Ke4 Qe6+ 0-1

[Event "Ljubljana-chT 68th 1st League"]
[Site "Ljubljana"]
[Date "2015.01.08"]
[Round "1.4"]
[White "Tomazic, Martin"]
[Black "Merlini, Dusan"]
[Result "1/2-1/2"]
[WhiteElo "1760"]
[BlackElo "1761"]
[PlyCount "38"]
[EventDate "2015.01.08"]
[EventType "team-tourn"]
[EventRounds "9"]
[EventCountry "SLO"]
[SourceTitle "EXT 2022"]
[Source "ChessBase"]
[SourceDate "2021.10.06"]
[SourceVersion "1"]
[SourceVersionDate "2021.10.06"]
[SourceQuality "1"]
[WhiteTeam "Zagorje ob Savi"]
[BlackTeam "Vrhnika"]
[WhiteTeamCountry "SLO"]
[BlackTeamCountry "SLO"]

1. e4 e6 2. b3 d5 3. Bb2 c5 4. exd5 exd5 5. d4 Nf6 6. Nf3 Be7 7. Bb5+ Bd7 8. Qe2 0-0 9. 0-0 Nc6 10. c4 dxc4 11. Bxc4 cxd4 12. Nxd4 Bc5 13. Nxc6 Bxc6 14. Qe5 Qe7 15. Qxe7 Bxe7 16. Nc3 Rad8 17. Rad1 Rxd1 18. Rxd1 Rd8 19. Rxd8+ Bxd8 1/2-1/2

[Event "Ljubljana-chT 67th 2nd League"]
[Site "Ljubljana"]
[Date "2014.03.22"]
[Round "8.2"]
[White "Merlini, Dusan"]
[Black "Subelj, Jan"]
[Result "1-0"]
[WhiteElo "1754"]
[BlackElo "1623"]
[PlyCount "75"]
[EventDate "2014.01.09"]
[EventType "team-tourn"]
[EventRounds "10"]
[EventCountry "SLO"]
[SourceTitle "EXT 2022"]
[Source "ChessBase"]
[SourceDate "2021.10.06"]
[SourceVersion "1"]
[SourceVersionDate "2021.10.06"]
[SourceQuality "1"]
[WhiteTeam "Vrhnika"]
[BlackTeam "Komenda Suma"]
[WhiteTeamCountry "SLO"]
[BlackTeamCountry "SLO"]

1. d4 Nf6 2. Bf4 e6 3. e3 b6 4. Nf3 Bb7 5. Bd3 Be7 6. h3 d6 7. Nbd2 Nbd7 8. 0-0 0-0 9. Qe2 Re8 10. e4 Nf8 11. e5 Nd5 12. Bg3 Nb4 13. Bb5 c6 14. Ba4 d5 15. Rfe1 a5 16. a3 Na6 17. c3 Nc7 18. Bc2 a4 19. Qd1 b5 20. Nh2 c5 21. Ndf3 c4 22. Ng4 Na6 23. Ne3 Nb8 24. Nh2 Nc6 25. f4 Bh4 26. Qg4 Bxg3 27. Qxg3 Na5 28. Nhg4 Kh8 29. f5 exf5 30. Nxf5 Ng6 31. Rf1 Rf8 32. h4 Bc8 33. h5 Bxf5 34. Rxf5 Ne7 35. Rf2 Nb3 36. Raf1 Qe8 37. Qh4 h6 38. Nxh6 1-0

[Event "Ljubljana-chT 67th 2nd League"]
[Site "Ljubljana"]
[Date "2014.01.16"]
[Round "2.2"]
[White "Merlini, Dusan"]
[Black "Malkoc, Patrik"]
[Result "1-0"]
[WhiteElo "1754"]
[BlackElo "1192"]
[PlyCount "49"]
[EventDate "2014.01.09"]
[EventType "team-tourn"]
[EventRounds "10"]
[EventCountry "SLO"]
[SourceTitle "EXT 2022"]
[Source "ChessBase"]
[SourceDate "2021.10.06"]
[SourceVersion "1"]
[SourceVersionDate "2021.10.06"]
[SourceQuality "1"]
[WhiteTeam "Vrhnika"]
[BlackTeam "Torbarji"]
[WhiteTeamCountry "SLO"]
[BlackTeamCountry "SLO"]

1. d4 d5 2. Bf4 Nc6 3. e3 a6 4. c4 e6 5. Nf3 h5 6. Nc3 f6 7. h3 g5 8. Bh2 g4 9. hxg4 hxg4 10. Bxc7 Qxc7 11. Rxh8 Qg7 12. Rh1 gxf3 13. Qxf3 Bd7 14. cxd5 exd5 15. Nxd5 0-0-0 16. Qf4 Bb4+ 17. Nxb4 Nxb4 18. Rc1+ Nc6 19. d5 f5 20. dxc6 Bxc6 21. Bxa6 Qxb2 22. Rxc6+ Kd7 23. Rh7+ Ke8 24. Re6+ Kf8 25. Qxf5+ 1-0